<?xml version="1.0" encoding="UTF-8"?>
<record
    xmlns:xsi="http://www.w3.org/2001/XMLSchema-instance"
    xsi:schemaLocation="http://www.loc.gov/MARC21/slim http://www.loc.gov/standards/marcxml/schema/MARC21slim.xsd"
    xmlns="http://www.loc.gov/MARC21/slim">

  <leader>01412nam a2200349 i 4500</leader>
  <controlfield tag="003">DO-SdBNP</controlfield>
  <controlfield tag="005">20250402103122.0</controlfield>
  <controlfield tag="007">ta</controlfield>
  <controlfield tag="008">250402b2024    dr ac||| |||| 00| 0 spa d</controlfield>
  <datafield tag="020" ind1=" " ind2=" ">
    <subfield code="a">9789945801569</subfield>
  </datafield>
  <datafield tag="040" ind1=" " ind2=" ">
    <subfield code="a">DO-SdBNP</subfield>
    <subfield code="b">spa</subfield>
    <subfield code="c">BNPHU</subfield>
    <subfield code="d">rda</subfield>
  </datafield>
  <datafield tag="082" ind1=" " ind2="4">
    <subfield code="a">972.93054</subfield>
    <subfield code="b">H223c 2024</subfield>
    <subfield code="2">22</subfield>
  </datafield>
  <datafield tag="100" ind1="1" ind2=" ">
    <subfield code="a">Hermann, Hamlet,</subfield>
    <subfield code="d">1934-2016</subfield>
    <subfield code="e">autor</subfield>
    <subfield code="4">aut.</subfield>
    <subfield code="9">36649</subfield>
  </datafield>
  <datafield tag="245" ind1="1" ind2="0">
    <subfield code="a">Caracoles :</subfield>
    <subfield code="b">la guerrilla de Caama&#xF1;o /</subfield>
    <subfield code="c">Hamlet Hermann ; pr&#xF3;logo, Roberto Cass&#xE1; ; ilustraciones, Jos&#xE9; Herrera Morb&#xE1;n ; correcci&#xF3;n y edici&#xF3;n, Luis Reynaldo P&#xE9;rez</subfield>
  </datafield>
  <datafield tag="250" ind1=" " ind2=" ">
    <subfield code="a">cuarta edici&#xF3;n especial</subfield>
  </datafield>
  <datafield tag="264" ind1=" " ind2="4">
    <subfield code="a">Santo Domingo :</subfield>
    <subfield code="b">Fundaci&#xF3;n Hamlet Hermann,</subfield>
    <subfield code="c">&#xA9;2024.</subfield>
  </datafield>
  <datafield tag="300" ind1=" " ind2=" ">
    <subfield code="a">280  p&#xE1;ginas :</subfield>
    <subfield code="b">ilustraciones, retratos ;</subfield>
    <subfield code="c">22 cm.</subfield>
  </datafield>
  <datafield tag="336" ind1=" " ind2=" ">
    <subfield code="a">texto</subfield>
    <subfield code="b">txt</subfield>
    <subfield code="2">rdacontent</subfield>
  </datafield>
  <datafield tag="337" ind1=" " ind2=" ">
    <subfield code="a">sin mediaci&#xF3;n</subfield>
    <subfield code="b">n</subfield>
    <subfield code="2">rdamedia</subfield>
  </datafield>
  <datafield tag="338" ind1=" " ind2=" ">
    <subfield code="a">volumen</subfield>
    <subfield code="b">nc</subfield>
    <subfield code="2">rdacarrier</subfield>
  </datafield>
  <datafield tag="500" ind1=" " ind2=" ">
    <subfield code="a">Incluye datos biogr&#xE1;ficos del autor en la contracubierta</subfield>
  </datafield>
  <datafield tag="500" ind1=" " ind2=" ">
    <subfield code="a">Incluye &#xED;ndice onom&#xE1;stico</subfield>
  </datafield>
  <datafield tag="590" ind1=" " ind2=" ">
    <subfield code="a">Inventariado, 2025/BT</subfield>
  </datafield>
  <datafield tag="600" ind1=" " ind2=" ">
    <subfield code="9">83756</subfield>
  </datafield>
  <datafield tag="650" ind1=" " ind2="4">
    <subfield code="a">Guerrillas</subfield>
    <subfield code="z">Rep&#xFA;blica Dominicana</subfield>
    <subfield code="v">Biograf&#xED;as</subfield>
    <subfield code="9">10027</subfield>
  </datafield>
  <datafield tag="651" ind1=" " ind2="4">
    <subfield code="a">Rep&#xFA;blica Dominicana</subfield>
    <subfield code="x">Historia </subfield>
    <subfield code="y">Revoluci&#xF3;n, 1973</subfield>
    <subfield code="9">14290</subfield>
  </datafield>
  <datafield tag="700" ind1="1" ind2=" ">
    <subfield code="a">Cass&#xE1;, Roberto,</subfield>
    <subfield code="e">prologuista</subfield>
    <subfield code="4">pr.</subfield>
    <subfield code="9">81564</subfield>
  </datafield>
  <datafield tag="700" ind1="1" ind2=" ">
    <subfield code="a">Herrera Morb&#xE1;n, Jos&#xE9;,</subfield>
    <subfield code="e">ilustrador</subfield>
    <subfield code="4">il.</subfield>
    <subfield code="9">87300</subfield>
  </datafield>
  <datafield tag="700" ind1="1" ind2=" ">
    <subfield code="a">P&#xE9;rez, Luis Reynaldo,</subfield>
    <subfield code="e">corrector y editor</subfield>
    <subfield code="4">corr. y ed.</subfield>
    <subfield code="9">72897</subfield>
  </datafield>
  <datafield tag="910" ind1=" " ind2=" ">
    <subfield code="a">Btav&#xE1;rez</subfield>
  </datafield>
  <datafield tag="942" ind1=" " ind2=" ">
    <subfield code="2">ddc</subfield>
    <subfield code="c">LBS1</subfield>
  </datafield>
  <datafield tag="952" ind1=" " ind2=" ">
    <subfield code="0">0</subfield>
    <subfield code="1">0</subfield>
    <subfield code="2">ddc</subfield>
    <subfield code="5">1</subfield>
    <subfield code="7">0</subfield>
    <subfield code="8">PD</subfield>
    <subfield code="a">BNPHU</subfield>
    <subfield code="b">BNPHU</subfield>
    <subfield code="c">CT</subfield>
    <subfield code="d">2025-04-02</subfield>
    <subfield code="e">Deposito legal</subfield>
    <subfield code="l">0</subfield>
    <subfield code="o">BNPHU PD 972.93054 H223c 2024</subfield>
    <subfield code="p">2025-2356</subfield>
    <subfield code="r">2025-04-02</subfield>
    <subfield code="w">2025-04-02</subfield>
    <subfield code="y">LBS1</subfield>
  </datafield>
  <datafield tag="952" ind1=" " ind2=" ">
    <subfield code="0">0</subfield>
    <subfield code="1">0</subfield>
    <subfield code="2">ddc</subfield>
    <subfield code="5">1</subfield>
    <subfield code="7">0</subfield>
    <subfield code="8">PD</subfield>
    <subfield code="a">BNPHU</subfield>
    <subfield code="b">BNPHU</subfield>
    <subfield code="c">CT</subfield>
    <subfield code="d">2025-04-02</subfield>
    <subfield code="e">Deposito legal</subfield>
    <subfield code="l">0</subfield>
    <subfield code="o">BNPHU PD 972.93054 H223c 2024</subfield>
    <subfield code="p">2025-2357</subfield>
    <subfield code="r">2025-04-02</subfield>
    <subfield code="t">e.2</subfield>
    <subfield code="w">2025-04-02</subfield>
    <subfield code="y">LBS1</subfield>
  </datafield>
  <datafield tag="952" ind1=" " ind2=" ">
    <subfield code="0">0</subfield>
    <subfield code="1">0</subfield>
    <subfield code="2">ddc</subfield>
    <subfield code="5">6</subfield>
    <subfield code="7">0</subfield>
    <subfield code="8">DS</subfield>
    <subfield code="a">BNPHU</subfield>
    <subfield code="b">BNPHU</subfield>
    <subfield code="c">CT</subfield>
    <subfield code="d">2025-04-02</subfield>
    <subfield code="e">Deposito legal</subfield>
    <subfield code="l">0</subfield>
    <subfield code="o">BNPHU DS 972.93054 H223c 2024</subfield>
    <subfield code="p">2025-2358</subfield>
    <subfield code="r">2025-04-02</subfield>
    <subfield code="t">e.3</subfield>
    <subfield code="w">2025-04-02</subfield>
    <subfield code="y">LBS1</subfield>
  </datafield>
  <datafield tag="999" ind1=" " ind2=" ">
    <subfield code="c">58553</subfield>
    <subfield code="d">58553</subfield>
  </datafield>
</record>
